Co znajdziemy na placu zabaw? TOP 10 - Statystyki

Ogólne statystyki
  • Ten quiz został rozwiązany 9 razy
  • Średni wynik to 4 z 10
Statystyki odpowiedzi
Odpowiedź % Poprawnych
Huśtawkę
100%
Karuzelę
86%
Piaskownicę
86%
Zjeżdżalnię
86%
Drabinki
43%
Ławkę
29%
Bujak
14%
Perłę Export czteropak
0%
Śmietnik
0%
Śpiącego pana
0%
Nie znaleziono quizów pasujących do podanych kryteriów
Rozkład punktacji
Procent ludzi z każdym wynikiem
Percentyl według liczby udzielonych odpowiedzi
Twoja historia wyników
Nie rozwiązałeś tego quizu